000 00502nam a22001811a 4500
001 1184
003 OSt
005 20260204211725.0
008 040116s1971||||ag ||||||b||||||||||spa||
050 _a371.335 N751d
082 _a371.335 N751d
100 _aNorbis, Gaudenzio
245 _aDidáctica y estructura de los medios audiovisuales / Gaudenzio Norbis
264 _aArgentina : Kapeluz
300 _a271 p.
650 _a1.Educación Audiovisuales 2.Enseñanza AudiovisualÌ
942 _2ddc
_cBK
999 _c1184
_d1184